The stress-strain analysis of the double girder crane

Guardado en:
Detalles Bibliográficos
Autor principal: Ravi Kumar, Vivek (Autor)
Otros Autores: Garan, Martin (Orientador)
Formato: Manuscrito Libro
Lenguaje:eslovaco
inglés
Publicado: 2019
Materias:
Acceso en línea:http://is.stuba.sk/zp/portal_zp.pl?podrobnosti=140460
Etiquetas: Agregar Etiqueta
Sin Etiquetas, Sea el primero en etiquetar este registro!

MARC

LEADER 00000ntm a22000003a 4500
001 stuzp73314
003 SK-STU
005 20190608211649.7
007 ta
008 150427s2015----xo-----f-mn---000-0-slo-d
040 |a STU  |b slo 
041 0 |a eng 
100 1 |a Ravi Kumar, Vivek  |u 020010  |4 aut  |U SjF Strojnícka fakulta  |T SjF Ústav aplikovanej mechaniky a mechatroniky  |X 89027  |U J0010  |Y 801  |7 89027 
242 0 1 |a Napäťovo-deformačná analýza portálového žeriavu  |y slo 
245 1 0 |a The stress-strain analysis of the double girder crane 
260 |c 2019 
650 4 |a MKP  |2 slo 
650 4 |a portálový žeriav  |2 slo 
650 4 |a žeriavy  |2 slo 
650 4 |a statická analýza  |2 slo 
650 4 |a FEM  |2 eng 
650 4 |a double girder crane  |2 eng 
650 4 |a static analysis  |2 eng 
650 4 |a cranes  |2 eng 
700 1 |a Garan, Martin  |u 020010  |k Z1  |4 ths  |U SjF Strojnícka fakulta  |T SjF Ústav aplikovanej mechaniky a mechatroniky  |X 10008  |U J0010  |Y 801  |7 A000010008 
856 4 |u http://is.stuba.sk/zp/portal_zp.pl?podrobnosti=140460